Blue book (Record no. 112943)

MARC details
000 -LEADER
fixed length control field 02091cam a22003255a 4500
001 - CONTROL NUMBER
control field L154346
008 - FIXED-LENGTH DATA ELEMENTS--GENERAL INFORMATION
fixed length control field 151111s2011 xxk f 001 0 eng d
020 ## - INTERNATIONAL STANDARD BOOK NUMBER
International Standard Book Number 9781842197035
035 ## - SYSTEM CONTROL NUMBER
System control number (Sirsi) u154346
041 0# - LANGUAGE CODE
Language code of text/sound track or separate title eng
050 04 - LIBRARY OF CONGRESS CALL NUMBER
Classification number 333.33 $2 18
110 2# - MAIN ENTRY--CORPORATE NAME
Corporate name or jurisdiction name as entry element Royal Institution of Chartered Surveyors
9 (RLIN) 4900
240 ## - UNIFORM TITLE
Uniform title Blue Book
245 00 - TITLE STATEMENT
Title Blue book
Remainder of title residential property standards
Statement of responsibility, etc. [old edition]
250 ## - EDITION STATEMENT
Edition statement 5th ed.
260 ## - PUBLICATION, DISTRIBUTION, ETC.
Place of publication, distribution, etc. Coventry
Name of publisher, distributor, etc. RICS
Date of publication, distribution, etc. 2011
300 ## - PHYSICAL DESCRIPTION
Extent xxiv, 202p.
Other physical details spiral bound
Dimensions 24cm.
490 #0 - SERIES STATEMENT
Series statement RICS Guidance Note
490 #0 - SERIES STATEMENT
Series statement RICS Blue Book
505 2# - FORMATTED CONTENTS NOTE
Formatted contents note Introduction -- Part I, the property standards board consumer charter for residential property transactions; introduction to the consumer charter charter;the core principles; The principle within the consumer charter; explanatory text supporting the principles; glossary of terms -- Part II, residential estate agency standards: ethics; securing instructions; acting for the seller, agreeing the sale; acting for the buyer; acting for the landlord- letting the property; acting for the landlord-managing the property; ending the instruction; safety and security; agency management; regulation and legislation -- Index.
520 ## - SUMMARY, ETC.
Summary, etc. SUPERSEDED BY 6th EDITION, ISBN 9781783212026, 11/09/2017.
520 ## - SUMMARY, ETC.
Summary, etc. Sets out in a logical sequence how an agent should conduct his or her business, and helps to ensure compliance with the law, with official guidance, and with industry best practice. Contains a Code of Conduct for Estate Agents dealing with Residential Property and provides guidance to support this. Includes Tables of cases, statutes and statutory instruments. Interim updates will be published online and an updated print edition published annually.
520 ## - SUMMARY, ETC.
Summary, etc. To be read in conjunction with Addenda June 2013 L157908 and July 2014 L154346
521 ## - TARGET AUDIENCE NOTE
Target audience note Advanced
590 ## - LOCAL NOTE (RLIN)
Local note KA NTK
651 #4 - SUBJECT ADDED ENTRY--GEOGRAPHIC NAME
Geographic name United Kingdom
690 ## - LOCAL SUBJECT ADDED ENTRY--TOPICAL TERM (OCLC, RLIN)
Topical term or geographic name as entry element PROPERTY-RESIDENTIAL PROPERTY-ACQUISITION AND DISPOSAL OF RESIDENTIAL PROPERTY
690 ## - LOCAL SUBJECT ADDED ENTRY--TOPICAL TERM (OCLC, RLIN)
Topical term or geographic name as entry element PROPERTY-PROPERTY AGENCY
942 ## - ADDED ENTRY ELEMENTS (KOHA)
Suppress in OPAC 0
Source of classification or shelving scheme Dewey Decimal Classification
Holdings
Withdrawn status Lost status Damaged status Not for loan Home library Current library Shelving location Date acquired Total Checkouts Full call number Barcode Date last seen Copy number Price effective from Koha item type Source of classification or shelving scheme
        Archives Archives RICS Boxes 15/11/2011   RICS 2011/54 30079582 27/05/2026 2 06/08/2019 Archive  
  Missing from bundle     Archives Archives RICS Boxes 15/11/2011   333.33 ROY 30079574 06/08/2019 1 06/08/2019 Archive  
  Missing from bundle     London London Books 15/11/2011   333.33 ROY 30079579 06/08/2019 1 06/08/2019 Book  
        London London Books 15/11/2011   333.33 ROY 30079573 27/05/2026 3 06/08/2019 Book Dewey Decimal Classification